Κατάλογος Βιβλιοθηκών Mediterranean College

Windows 3.0 Pocket Guide / Καλύπτει την Έκδοση 3.0, τις Εφαρμογές που Συμπεριλαμβάνονται στο Περιβάλλον Windows (Paintbrush, Clipboard κ.λπ.), τη Χρήση με Ποντίκι ή Πληκτρολόγιο (Record no. 3504)

MARC details
000 -LEADER
fixed length control field 01699cam a22001814a 4500
005 - ΗΜΕΡΟΜΗΝΙΑ ΚΑΙ ΩΡΑ ΤΕΛΕΥΤΑΙΑΣ ΕΝΗΜΕΡΩΣΗΣ
Πεδίο ελέγχου 20250605164117.0
008 - FIXED-LENGTH DATA ELEMENTS--GENERAL INFORMATION
Πεδίο ελέγχου σταθερού μήκους 250528s ||||||||||||||||||||||||d
035 ## - SYSTEM CONTROL NUMBER
System control number 18121
040 ## - ΠΗΓΗ ΚΑΤΑΛΟΓΟΓΡΑΦΗΣΗΣ
Φορέας πρωτότυπης καταλογογράφησης MC Athens Campus Library
Γλώσσα καταλογογράφησης Ελληνικά, Μοντέρνα (1453-)
Modifying agency MC Athens Campus Library
Κανόνες περιγραφικής καταλογογράφησης AACR2
245 1# - ΤΙΤΛΟΣ ΚΑΙ ΔΗΛΩΣΗ ΥΠΕΥΘΥΝΟΤΗΤΑΣ
Τίτλος Windows 3.0 Pocket Guide / Καλύπτει την Έκδοση 3.0, τις Εφαρμογές που Συμπεριλαμβάνονται στο Περιβάλλον Windows (Paintbrush, Clipboard κ.λπ.), τη Χρήση με Ποντίκι ή Πληκτρολόγιο
260 ## - PUBLICATION, DISTRIBUTION, ETC.
Name of publisher, distributor, etc. Anubis,
Date of publication, distribution, etc. 1991
300 ## - PHYSICAL DESCRIPTION
Extent 234
520 ## - SUMMARY, ETC.
Summary, etc. Ο Συνοπτικός αυτός οδηγός αποτελεί ένα μέσο για ταχύτατη αναφορά στις εντολές των Windows 3.0, ενώ παράλληλα σας παρέχει τη δυνατότητα να ξαναθυμηθείτε χρήσιμα χαρακτηριστικά του πολύτιμου αυτού πακέτου. Ο Program Manager, Εναλλαγή Μεταξύ Παραθύρων, Το Σύστημα Βοηθητικών Οδηγιών των Windows, Η Περιοχή Προσωρινής Αποθήκευσης Clipboard, Ο File Manager, Διαμόρφωση του Περιβάλλοντος των Windows, Ο Print Manager, Ο Macro Recorder, Ο Pif Editor, Η Επεξεργασία Κειμένου στα Windows, Το Σχεδιαστικό Πρόγραμμα Paintbrush, Οι Επικοινωνίες και το Περιβάλλον του Προγράμματος Windows Terminal, Διάφορα Βοηθητικά Προγράμματα, Ευρετήριο.
700 1# - ΠΡΟΣΘΕΤΗ ΑΝΑΓΡΑΦΗ--ΦΥΣΙΚΟ ΠΡΟΣΩΠΟ
Personal name Moseley L. Marshall
9 (RLIN) 4412
942 ## - ADDED ENTRY ELEMENTS (KOHA)
Koha item type Books
Holdings
Τύπος τεκμηρίου Βιβλιοθήκη Τρέχουσα τοποθεσία Barcode Αριθμός εισαγωγής Ημερομηνία απόκτησης Ταξιθετικό σύμβολο Αριθμός αντιτύπου Κατάσταση απόσυρσης Κατάσταση χαμένου Κατάσταση κατεστραμμένου Μη δανεισμός Σύνολο δανεισμών Ημερομηνία τελευταίας εμφάνισης Η τιμή ισχύει από
Books MC Athens Campus Library MC Athens Campus Library 9780000035035 2315 05/06/2025 005.43 MOS 1           05/06/2025 05/06/2025

MC Athens Campus Library
Πατησίων 94 & Κοδριγκτώνος 13, 104 34
Πελλήνης 8 & Πατησίων 107, 112 51
Τ: +30 210 8899600

MC Thessaloniki Campus Library
Ίωνος Δραγούμη 21, 54625 | Ίωνος Δραγούμη 15, 54625
Τ: +30 2310 287779 – Τ: +30 2314 440300